| 000 | 01060nam a2200289 a 4500 | ||
|---|---|---|---|
| 001 | 000035203 | ||
| 005 | 20240510073817.0 | ||
| 008 | 111026s1972 sp 001 0 spa d | ||
| 040 |
_aDO-SdBNP _bspa _cBNPHU |
||
| 082 |
_a501 _bG397f, 1972 |
||
| 100 | 1 |
_aGeymonat, Ludovico _960941 |
|
| 240 | 1 | 0 |
_aFilosofia e filosofía della scienza _lEspañol |
| 245 | 1 | 0 |
_aFilosofía y filosofía de la ciencia / _cLudovico Geymonat ; traducción de Manuel Sacristán. |
| 250 | _a4ª ed. | ||
| 260 |
_aBarcelona : _bLabor, _c1972. |
||
| 300 |
_a169 p. ; _c20 cm. |
||
| 490 | 1 |
_aNueva colección labor _v3 |
|
| 500 | _aIncluye índice de nombres | ||
| 504 | _aIncluye referencias bibliográficas y notas al pie de las páginas | ||
| 590 | _aPerteneció a la biblioteca personal de Juan Isidro Jimenes Grullón | ||
| 650 | 4 |
_aMetodología _xFilosofía de la ciencia _960942 |
|
| 650 | 0 |
_aFilosofía _9813 |
|
| 700 | 1 | 2 |
_aSacristán, Manuel, _etr. _960943 |
| 830 | 0 |
_aNueva colección labor _n3 _960944 |
|
| 910 | _aValidado. Control de calidad MFF | ||
| 049 | _aBNGR | ||
| 999 |
_c34694 _d34694 |
||